=LDR 00000nam 2200000 4500 =001 INLIS000000000011505 =005 20201117081218 =035 ##$$a 0010-061300000011505 =008 201117################g##########0#ind## =041 ##$$a Ind =082 ##$$a 323.445 =090 ##$$a 323.445, Arm m =100 1#$$a Armada, Wina =245 1#$$a Menggugat kebebasan Pers /$c Wina Armada S.A =260 ##$$a Jakarta :$b Pustaka sinar harapan,$c 1993 =300 ##$$a 178 hlm. ; $c 21x14 cm =650 #4$$a Kebebasan Pers =850 ##$$a NBPNMAT =020 ##$$a 979-416-228-0 =084 ##$$a 323.445 ARM m =250 ##$$a cet.1 =990 ##$$a 00033392 =990 ##$$a 00033393 =990 ##$$a 00033394 =990 ##$$a 114.296/pro-97 =990 ##$$a 00033419 =990 ##$$a 00033420 =990 ##$$a 00033421 =990 ##$$a 00033422 =990 ##$$a 00033408 =990 ##$$a 82.911/pro.95 =990 ##$$a 00033410